|
|
|
|
| LEADER |
01345nam a22003011a 4500 |
| 001 |
000721589 |
| 003 |
CZ BrMZK |
| 005 |
20100906143401.0 |
| 008 |
040614s1959 xr f cze |
| 040 |
|
|
|a BOA001
|b cze
|c BOA001
|
| 100 |
1 |
|
|a Kalousek, Mirko,
|d 1915-1996
|7 jk01052732
|4 aut
|
| 245 |
1 |
0 |
|a Fysikální chemie.
|n Díl I.,
|p Kinetická teorie hmoty /
|c Mirko Kalousek, Jakub Adámek, Alexander Schütz
|
| 246 |
3 |
0 |
|a Kinetická teorie hmoty
|
| 250 |
|
|
|a 1. vyd.
|
| 260 |
|
|
|a Praha :
|b Státní pedagogické nakladatelství,
|c 1959
|
| 300 |
|
|
|a 176 s.
|
| 490 |
1 |
|
|a Učební texty vysokých škol
|
| 504 |
|
|
|a Bibliografie na s. 176
|
| 700 |
1 |
|
|a Schütz, Alexander,
|d 1933-
|7 jk01111190
|4 aut
|
| 700 |
1 |
|
|a Adámek, Jakub,
|d 1926-
|7 jk01010066
|4 aut
|
| 710 |
2 |
|
|a Univerzita Karlova.
|b Matematicko-fyzikální fakulta
|7 kn20010710349
|
| 830 |
|
0 |
|a Učební texty vysokých škol
|
| 910 |
|
|
|a BOA001
|b PK-N-0004.430,1
|b TK-A-0086.803,1
|
| 964 |
|
|
|a Hmota - teorie kinetická - učebnice - školy vysoké
|
| 990 |
|
|
|a BK
|
| 996 |
7 |
|
|b 2629951283
|c TK-A-0086.803,1
|l MZK
|r Sklad / do 24 hodin
|n 0
|w 000721589
|u 000030
|a 1
|e BOA001
|j MZK50
|s A
|
| 996 |
6 |
|
|b BC-152844
|c PK-N-0004.430,1
|l MZK
|r Sklad / do 1 hodiny
|n 0
|w 000721589
|u 000010
|a 1
|e BOA001
|j MZK50
|s P
|
| 996 |
6 |
|
|b BC-152845
|c PK-N-0004.430,1
|l MZK
|r Sklad / do 1 hodiny
|n 0
|w 000721589
|u 000020
|a 1
|e BOA001
|j MZK50
|s P
|